Welcome to CU Library Online Public Access Catalogue (OPAC)

Landmark Judgements on Consumer Protection Law (Record no. 877)

MARC details
000 -LEADER
fixed length control field 00539nam a22001577a 4500
005 - DATE AND TIME OF LATEST TRANSACTION
control field 20241108130312.0
008 - FIXED-LENGTH DATA ELEMENTS--GENERAL INFORMATION
fixed length control field 241108b |||||||| |||| 00| 0 eng d
020 ## - INTERNATIONAL STANDARD BOOK NUMBER
International Standard Book Number 9789350350508
245 ## - TITLE STATEMENT
Title Landmark Judgements on Consumer Protection Law
Statement of responsibility, etc. Forwarded by Justice Ashok Bhan
250 ## - EDITION STATEMENT
Edition statement 2011 edition
260 ## - PUBLICATION, DISTRIBUTION, ETC.
Place of publication, distribution, etc. New Delhi, India
Name of publisher, distributor, etc. Universal Law Publishing Co. PVT. Ltd.
Date of publication, distribution, etc. 2011
300 ## - PHYSICAL DESCRIPTION
Extent xv, 408 pages
Dimensions 25 cm
500 ## - GENERAL NOTE
General note National Consumer Disputes Redressal Commission
650 ## - SUBJECT ADDED ENTRY--TOPICAL TERM
Source of heading or term Consumer protection
General subdivision India
942 ## - ADDED ENTRY ELEMENTS (KOHA)
Source of classification or shelving scheme Library of Congress Classification
Koha item type Books
Suppress in OPAC No
999 ## -
-- 877
-- 877
Holdings
Withdrawn status Lost status Source of classification or shelving scheme Damaged status Not for loan Collection Home library Current library Shelving location Date acquired Total checkouts Full call number Barcode Date last seen Copy number Price effective from Koha item type
    Library of Congress Classification     Non-fiction Law Library (Christ Temple) Law Library (Christ Temple) General stacks 01/20/2025   KNS982.3 LAN LLCT00000200 01/20/2025 5 01/20/2025 Books
    Library of Congress Classification     Non-fiction Law Library (Christ Temple) Law Library (Christ Temple) General stacks 01/20/2025   KNS982.3 LAN LLCT00000201 01/20/2025 6 01/20/2025 Books
    Library of Congress Classification     Non-fiction Law Library (Christ Temple) Law Library (Christ Temple) General stacks 01/20/2025   KNS982.3 LAN LLCT00000202 01/20/2025 7 01/20/2025 Books
    Library of Congress Classification     Non-fiction Law Library (Christ Temple) Law Library (Christ Temple) General stacks 01/20/2025   KNS982.3 LAN LLCT00000203 01/20/2025 8 01/20/2025 Books
    Library of Congress Classification     Non-fiction Law Library (Christ Temple) Law Library (Christ Temple) General stacks 01/20/2025   KNS982.3 LAN LLCT00000204 01/20/2025 9 01/20/2025 Books
    Library of Congress Classification     Non-fiction Law Library (Miotso) Law Library (Miotso) General stacks 11/08/2024   KN982.3 LAN LLM00000735 11/08/2024 1 11/08/2024 Books
    Library of Congress Classification     Non-fiction Law Library (Miotso) Law Library (Miotso) General stacks 11/08/2024   KN982.3 LAN LLM00000736 11/08/2024 2 11/08/2024 Books
    Library of Congress Classification     Non-fiction Law Library (Miotso) Law Library (Miotso) General stacks 11/08/2024   KN982.3 LAN LLM00000737 11/08/2024 3 11/08/2024 Books
    Library of Congress Classification     Non-fiction Law Library (Miotso) Law Library (Miotso) General stacks 11/08/2024   KN982.3 LAN LLM00000738 11/08/2024 4 11/08/2024 Books
© 2023-2024 Copyright: Central University Libraries. All Rights Reserved | Created by: Mahone Tech Office